00553 2200205 4500001002100000005001500021035002000036245007500056100001200131250001400143260004000157300003100197020001800228084001400246082000800260650001200268008004100280990001300321990001300334INLIS00000000000901320230515123702 a0010-01230005541 aHaji Agus Salim :bDiplomat ulung yang cerdas berintegritas /cSavitri aSavitri aCetakan I aCibubur :bBee Media Pustaka,c2022 aviii, 64 halaman ;c21 cm. a9789791518413 a920 SAV h a920 4aSejarah230515 c 0 ind  a022.1903 a022.1904